Statistics for Worlds Smallest Countries That Border Another Country(Not Overseas Territories)

Click here to take the quiz!

General Stats

  • This quiz has been taken 68 times
  • The average score is 10 of 12

Answer Stats

Sq KmAnswer% Correct
61San Marino
100%
0.44Vatican City
97%
468Andorra
97%
2.02Monaco
95%
160Liechtenstein
94%
2586Luxembourg
94%
11586Qatar
83%
5765Brunei
78%
10887Kosovo
67%
11295Gambia
60%
13812Montenegro
60%
10452Lebanon
56%

Score Distribution

Percentile by Number Answered

Percent of People with Each Score

Your Score History

You have not taken this quiz